UNDERSTANDING TODAY'S THEATRE /

Na minha lista:
Detalhes bibliográficos
Autor principal: Wright, Edward A. (autor)
Formato: Livro
coleção:(Spectrum Book ; 7)
Assuntos:
Tags: Adicionar Tag
Sem tags, seja o primeiro a adicionar uma tag!

MARC

LEADER 00000nam^a2200000^a^4500
001 000201312
005 20250521000000.0
009 20260310102903.741
035 |a 030355 
037 |a Acervo Xavier Clavigero 
082 |a 806. 4  |b WRI 
100 |a Wright, Edward A.  |e (autor) 
245 1 0 |a UNDERSTANDING TODAY'S THEATRE /  |c EDWARD A WRIGHT 
264 |a Englewood Cliffs, EUA :  |b Prentice-Hall,  |c 1959 
300 |a 178 p. 
336 |a texto  |b txt  |2 rdacontenido 
337 |a sin mediación  |b n  |2 rdamedio 
338 |a volumen  |b nc  |2 rdasoporte 
440 1 |a (Spectrum Book ;  |v 7) 
649 |a XX 
650 |a Teatro 
910 |a Fondo General 
920 |a Impresos - Libros 
930 |a Colección General 
940 |a Literatura 
905 |a 101 
901 |a 030355  |b IT1  |c LIT  |i 030355  |u 20250521 
902 |a https://opac.biblio.iteso.mx/vufind/Record/000201312